Sports Quiz

Random Sports or Basketball Quiz

2014-15 International NBA Players - Matching Quiz Stats

 Plays Quiz not verified by Sporcle

Score 0/99 Timer 10:00
0 Plays Today
% Correct
Dirk Nowitzki
94.1%
Andrew Wiggins
93.4%
Marc Gasol
92%
Boris Diaw
92%
Giannis Antetokounmpo
91.3%
Manu Ginóbili
91.3%
Pau Gasol
89.9%
José Calderón
89.9%
Anderson Varejão
89.9%
Andrew Bogut
89.9%
Andrei Kirilenko
89.2%
Andrea Bargnani
89.2%
Dennis Schröder
89.2%
Anthony Bennett
89.2%
Nenê
88.2%
Danilo Gallinari
87.8%
Tony Parker
87.8%
Ricky Rubio
87.5%
Marco Belinelli
87.5%
Luis Scola
86.8%
Nicolas Batum
86.5%
Leandro Barbosa
86.5%
Steve Nash
86.1%
Evan Fournier
84.7%
Al Horford
84.4%
Hedo Türkoğlu
83.7%
Dante Exum
83.3%
Goran Dragić
82.6%
Alexey Shved
82.3%
Marcin Gortat
82.3%
Patty Mills
81.9%
Omer Aşik
81.6%
Luol Deng
81.3%
% Correct
Tiago Splitter
80.2%
Rudy Gobert
79.9%
Enes Kanter
79.2%
Kelly Olynyk
78.5%
Timofey Mozgov
78.1%
Kostas Papanikolaou
77.8%
Zoran Dragić
77.1%
Tristan Thompson
77.1%
Omri Casspi
76.7%
Jonas Valančiūnas
76.4%
Matthew Dellavedova
76.4%
Aron Baynes
75.7%
Cory Joseph
75%
Steven Adams
74.3%
Pablo Prigioni
72.9%
Kevin Seraphin
72.2%
Serge Ibaka
72.2%
Joel Anthony
71.9%
Thabo Sefolosha
70.8%
Ronny Turiaf
69.8%
Luigi Datome
69.4%
Donatas Motiejūnas
68.4%
Ersan Ilyasova
68.1%
Jonas Jerebko
67.7%
Ian Mahinmi
67.7%
Andrew Nicholson
66.7%
Greivis Vásquez
66.3%
Sergey Karasev
66.3%
Bismack Biyombo
64.6%
Lucas Nogueira
64.6%
Bruno Caboclo
63.2%
Nik Stauskas
62.8%
Zaza Pachulia
61.8%
% Correct
Joel Embiid
61.8%
Gorgui Dieng
60.4%
Alex Len
60.1%
Alexis Ajinça
59.4%
Nikola Peković
59%
Joel Freeland
57.6%
Jorge Gutiérrez
56.9%
Luc Mbah a Moute
56.9%
Gal Mekel
56.6%
Robert Sacre
56.6%
Francisco García
56.3%
Tyler Ennis
55.9%
Samuel Dalembert
54.9%
Clint Capela
54.5%
Joe Ingles
54.5%
Nikola Vučević
54.2%
Festus Ezili
54.2%
Nikola Mirotić
54.2%
Dwight Powell
53.8%
Beno Udrih
53.5%
Victor Claver
52.4%
Mirza Teletović
52.4%
Bojan Bogdanović
51.4%
Cameron Bairstow
51.4%
Pero Antić
49.7%
Vitor Faverani
46.2%
Jusuf Nurkić
44.4%
Nemanja Nedović
40.3%
Jeff Taylor
35.8%
Damjan Rudež
35.1%
Ognjen Kuzmić
33%
Jerome Jordan
30.2%
Damien Inglis
26.7%

You're not logged in!

Compare scores with friends on all Sporcle quizzes.
OR
Log In

Sporcle TV

Today on Sporcle TV


Watch our educational content, quiz creation guides, and fun videos on Sporcle TV.

Show Comments

Extras

Top Quizzes Today


Score Distribution

Your Account Isn't Verified!

In order to create a playlist on Sporcle, you need to verify the email address you used during registration. Go to your Sporcle Settings to finish the process.

Report this User

Report this user for behavior that violates our Community Guidelines.

Details: